000 00851nam a22002415i 4500
001 177747
003 ES-MaACL
005 20230906220412.0
008 110418s1960 sp |||| | spa d
080 _a821.134.2-311.2"19"(082.2)
100 1 _aSoto Aparicio, Fernando.
_9107504
245 1 4 _aLos bienaventurados /
_cFernando Soto Aparicio. ¡Espera, espera, hermano! / Juan Ramón de la Cruz Valero. La luna y el barquero / Antonio Corral Puig.
260 _aMadrid :
_bAguilar,
_c1960.
300 _a454 p. ;
_c20 cm.
490 1 _aNova navis ;
_v13
700 0 _aCruz Valero, Juan Ramón de la.
_9146235
700 1 _aCorral Puig, Antonio.
_9146236
740 1 2 _a¡Espera, espera, hermano!
740 3 2 _aLa luna y el barquero.
830 0 _aNova navis ;
_v13
_9190579
852 _aES-MaACL
_jE-14946
_xOlim P-259
999 _c177747
_d177747